Normal view
MARC view
- Americans
Entry Topical Term
001 - CONTROL NUMBER
- control field: 33722
003 - CONTROL NUMBER IDENTIFIER
- control field: OSt
005 - DATE AND TIME OF LATEST TRANSACTION
- control field: 20130923132125.0
008 - FIXED-LENGTH DATA ELEMENTS
- fixed length control field: 130923|| aca||aabn | a|a d
040 ## - CATALOGING SOURCE
- Original cataloging agency: OSt
- Transcribing agency: OSt
150 ## - HEADING--TOPICAL TERM
- Topical term or geographic name as entry element: Americans
- Geographic subdivision: China
- Form subdivision: Fiction.
670 ## - SOURCE DATA FOUND
- Source citation: Work cat.: (OSt)0: Lynds, Gayle. 33718, Robert Ludlum's The Altman code /, 2003.